|
|
|
|
| LEADER |
01270nam a22003132a 4500 |
| 001 |
000426544 |
| 003 |
CZ BrMZK |
| 005 |
20120530112141.0 |
| 007 |
ta |
| 008 |
990307s1980 xr f cze d |
| 015 |
|
|
|a cnb000220257
|
| 035 |
|
|
|a (OCoLC)40081155
|
| 040 |
|
|
|a BOA001
|b cze
|
| 080 |
9 |
|
|a 331(075.3):373.536
|
| 080 |
9 |
|
|a 338(075.3):373.536
|
| 100 |
1 |
|
|a Adamec, Libor
|7 jx20040720056
|4 aut
|
| 245 |
1 |
0 |
|a Řízení a ekonomika práce pro 2. ročník středních škol sociálně právních, zaměření sociální /
|c Libor Adamec, Emil Moravec
|
| 250 |
|
|
|a 2. vyd.
|
| 260 |
|
|
|a Praha :
|b Státní pedagogické nakladatelství,
|c 1980
|
| 300 |
|
|
|a 230 s.
|
| 490 |
1 |
|
|a Učebnice pro střední školy
|
| 504 |
|
|
|a Obsahuje bibliografii
|
| 700 |
1 |
|
|a Moravec, Emil
|4 aut
|
| 830 |
|
0 |
|a Učebnice pro střední školy (Státní pedagogické nakladatelství)
|0 s
|
| 910 |
|
|
|a BOA001
|b PK-0083.798-80
|b 2-0795.010-80
|
| 964 |
|
|
|a Řízení a ekonomika práce - předmět učební - učebnice - školy sociálně právní střední
|
| 990 |
|
|
|a BK
|
| 996 |
6 |
|
|b 2619454086
|c 2-0795.010-80
|l MZK
|r Sklad / do 1 hodiny
|n 0
|w 000426544
|u 000020
|a 1
|e BOA001
|j MZK50
|s P
|
| 996 |
7 |
|
|b 3119826921
|c PK-0083.798-80
|l MZK
|r Sklad / do 1 hodiny
|n 0
|w 000426544
|u 000010
|a 1
|e BOA001
|j MZK50
|s A
|